| 000 | 00521nam a2200157 a 4500 | ||
|---|---|---|---|
| 001 | 000039802 | ||
| 005 | 20201002033737.0 | ||
| 008 | 130722s2001 ag ad 000 0 spa d | ||
| 020 | _a9879460197 | ||
| 040 |
_aDO-SdBNP _bspa _cBNPHU |
||
| 082 | _axxx | ||
| 100 | 1 |
_aSapag Chain, Nassir, _d1950- _965998 |
|
| 245 | 1 | 0 |
_aEvaluación de proyectos de inversión en la empresa / _cNassir Sapag Chain. |
| 260 |
_aBuenos Aires, Argentina : _bPrentice Hall, _bPearson Educations, _c2001. |
||
| 300 |
_a412 p. : _bil., diagrs. ; _c24 cm. |
||
| 999 |
_c39292 _d39292 |
||